| 000 | 00933 a2200313 4500 | ||
|---|---|---|---|
| 001 | 200131235 | ||
| 999 |
_c200131235 _d19331 |
||
| 003 | TR-AnTOB | ||
| 005 | 20231218130604.0 | ||
| 008 | 140117r20092011xxu 000 1 | ||
| 020 | _a9781451621785 (ebook) | ||
| 020 | _a9781451621778 | ||
| 040 |
_aDLC _beng _dTR-AnTOB _erda |
||
| 041 |
_aeng _hswe |
||
| 050 | 0 | 0 |
_aPT9877.22.A34 _b.P7413 2012 |
| 090 | _aPT9877.22.A34 .P7413 2012 | ||
| 100 | 1 |
_aLackberg, Camilla _995327 |
|
| 245 | 1 | 4 |
_aThe preacher / _cCamilla Lackberg ; translated from the Swedish by Steven T. Murray. |
| 264 | 1 |
_aNew York : _bFree Press, _c2012. |
|
| 264 |
_a©2009,2011 _b |
||
| 300 |
_a401 pages ; _c22 cm. |
||
| 336 |
_atext _2rdacontent |
||
| 337 |
_aunmediated _2rdamedia |
||
| 338 |
_avolume _2rdacarrier |
||
| 650 | 0 |
_aDedektifler _zİsveç _vRoman _995330 |
|
| 650 | 0 |
_aPolice _zSweden _vFiction _990220 |
|
| 700 | 1 |
_aMurray, Steven T. _995428 |
|
| 942 | _cBK | ||